[Event "Sochi-A"]
[Site "Sochi"]
[Date "1989.??.??"]
[Round "?"]
[White "Lautier, Joel"]
[Black "Popchev, Milko"]
[Result "1/2-1/2"]
[WhiteElo "2465"]
[BlackElo "2425"]
[Annotator "Ribli,Z"]
[PlyCount "28"]
[EventDate "1989.01.??"]
[EventType "tourn"]
[EventRounds "15"]
[EventCountry "URS"]
[EventCategory "10"]
[SourceTitle "CBM 016"]
[Source "ChessBase"]
[SourceDate "1990.06.01"]
[SourceVersion "1"]
[SourceVersionDate "1990.06.01"]
[SourceQuality "1"]

1. d4 d6 2. Nf3 Bg4 3. c4 Bxf3 4. exf3 g6 {4...e6;  4...c6} 5. Nc3 Bg7 6. g3 (
6. Be3 c6 7. Be2 Nf6 8. O-O O-O {8...d5!?} 9. d5 Nbd7 10. f4 {Naumkin-Jansa 
Namestovo 1987 44/46  +/=}) 6... e6 7. Bg2 Ne7 8. f4 d5 9. cxd5 exd5 10. Qb3
Nbc6 11. Qxb7 Rb8 12. Qa6 Rb6 13. Qd3 O-O 14. O-O Bxd4 1/2-1/2

[Event "USA-ch"]
[Site "USA"]
[Date "1989.??.??"]
[Round "11"]
[White "Dzindzichashvili, Roman"]
[Black "Miles, Anthony John"]
[Result "1/2-1/2"]
[WhiteElo "2545"]
[BlackElo "2580"]
[Annotator "Ribli,Z"]
[PlyCount "39"]
[EventDate "1989.11.??"]
[EventType "tourn"]
[EventRounds "15"]
[EventCountry "USA"]
[EventCategory "12"]
[SourceTitle "CBM 019"]
[Source "ChessBase"]
[SourceDate "1990.12.01"]
[SourceVersion "1"]
[SourceVersionDate "1990.12.01"]
[SourceQuality "1"]

1. d4 d6 2. Nf3 Bg4 3. c4 Nd7 4. e4 e5 5. Be2 Be7 6. Nc3 Bxf3 7. Bxf3 Bg5 8.
Bxg5 Qxg5 9. O-O Qd8 10. Bg4 Ngf6 (10... Ndf6 11. Bh3 Ne7 12. c5 O-O 13. cxd6
cxd6 14. d5 Nd7 15. Rc1 {Sosonko,G-Adams,M Wcht Luzern 1989 CBM 16}) 11. f4 O-O
12. Bxd7 Nxd7 13. Qd2 c6 14. Rad1 exf4 15. Qxf4 Qe7 16. Rd3 Rae8 17. Rg3 f6 18.
b3 Rf7 19. Rd3 Nf8 20. Rd2 {Ribli} 1/2-1/2

[Event "Tilburg"]
[Site "Tilburg"]
[Date "1994.??.??"]
[Round "2"]
[White "Tukmakov, Vladimir B"]
[Black "Speelman, Jonathan S"]
[Result "1/2-1/2"]
[WhiteElo "2565"]
[BlackElo "2600"]
[Annotator "Ribli,Z"]
[PlyCount "88"]
[EventDate "1994.09.??"]
[EventType "k.o."]
[EventRounds "7"]
[EventCountry "NED"]
[SourceTitle "CBM 044"]
[Source "ChessBase"]
[SourceDate "1995.02.01"]
[SourceVersion "1"]
[SourceVersionDate "1995.02.01"]
[SourceQuality "1"]

1. d4 d6 2. Nf3 g6 3. g3 Bf5 4. Bg2 Qc8 $6 5. h3 Bg7 6. Nc3 Nf6 7. g4 (7. Bg5
Ne4 (7... h6 $5 8. Bxf6 Bxf6 9. e4 Bd7 10. Qd2 Bg7 11. O-O-O $13) 8. Nxe4 Bxe4
9. Qd2 h6 10. Be3 Nd7 11. O-O Nf6 12. c4 $14) 7... Bd7 8. e4 O-O 9. Be3 Bc6 $6
(9... c6 10. e5 (10. Qd2 $5) 10... Nd5 11. Nxd5 cxd5 12. exd6 exd6 13. Qd2 Nc6
14. O-O-O Na5 15. b3 Nc6 $13) 10. d5 Be8 11. Qd2 b5 12. Bh6 (12. a3 c6 $14)
12... b4 (12... Bxh6 13. Qxh6 b4 14. Ne2 Nxe4 15. Ng3 Nf6 (15... Nxg3 16. Ng5
$18) 16. Ng5 $36) 13. Bxg7 Kxg7 (13... bxc3 $2 14. Qh6 $18) 14. Ne2 a5 (14...
Nxe4 $2 15. Qd4+ Nf6 16. g5 $18) 15. Ng3 c5 16. O-O Nbd7 17. Qg5 Kh8 (17... h6
$4 18. Nf5+ $18) 18. e5 Ng8 (18... dxe5 19. Nxe5 Nxe5 20. Qxe5 $18) 19. exd6
exd6 20. Qf4 Ra6 21. Rfe1 f6 22. Bf1 Rb6 23. Nd2 Ne5 (23... Bf7 $2 24. Nc4 $18)
24. Qe3 g5 25. f4 gxf4 26. Qxf4 Bg6 27. Nc4 Nxc4 (27... Ra6 28. Ne3 Rb6 29.
Nef5 $16) 28. Bxc4 Bxc2 29. Re6 $44 Qd8 30. Rae1 Bg6 31. h4 Bf7 32. R6e3 Qa8
33. Qf3 f5 (33... Re8 34. g5 $16) 34. Qxf5 (34. g5 $1 Qd8 35. Qf4 $1 $16) 34...
Qd8 35. g5 Bg6 36. Qg4 Rb7 $1 37. Rf3 (37. h5 $1 $16) 37... Rxf3 38. Qxf3 Rf7
39. Qg4 Qf8 $1 40. Rf1 Qg7 41. Rxf7 Bxf7 42. Qf4 Ne7 43. Ne2 Qg6 44. h5 Qxh5 (
44... Qxh5 45. Qf6+ Kg8 46. Qxe7 Qg4+ 47. Kf2 Qxc4 48. Qd8+ Kg7 49. Qf6+ Kg8
50. Qd8+ Kg7 $10) 1/2-1/2

[Event "Biel GM"]
[Site "Biel"]
[Date "1999.07.21"]
[Round "3"]
[White "Avrukh, Boris"]
[Black "Bologan, Viktor"]
[Result "1-0"]
[WhiteElo "2588"]
[BlackElo "2620"]
[Annotator "Ribli,Z"]
[PlyCount "113"]
[EventDate "1999.07.19"]
[EventType "tourn"]
[EventRounds "10"]
[EventCountry "SUI"]
[EventCategory "14"]
[SourceTitle "CBM 072"]
[Source "ChessBase"]
[SourceDate "1999.10.01"]
[SourceVersion "1"]
[SourceVersionDate "1999.10.01"]
[SourceQuality "1"]

{[%mdl 4128]} 1. d4 d6 2. c4 e5 3. d5 {Eine seltene Fortsetzung. Die
Alternativen 3.Nc3 oder 3.Nf3 werden häufiger gespielt. Ribli.} f5 4. e4 {
Ein zeitweiliges Bauernopfer, das Weiss die Kontrolle über das Feld e4 sichert.
} (4. Nc3 Nf6 5. e4 Nxe4 (5... Na6 6. exf5 Bxf5 7. Nge2 c6 8. Ng3 Bg6 9. Be3
Be7 10. Be2 Nb4 11. Rc1 Qa5 12. Bd2 Qc7 13. a3 Nd3+ 14. Bxd3 Bxd3 15. Bh6 Bg6
16. Bxg7 Rg8 17. Bxf6 Bxf6 18. Nge4 {1-0 Dive,R-Godena,M/Novi Sad 1990/TD (29)}
) 6. Nxe4 fxe4 7. Ne2 Be7 8. Ng3 O-O 9. Nxe4 Bf5 10. Bd3 Nd7 11. Be3 Bxe4 12.
Bxe4 Bg5 13. Qh5 Nf6 14. Qxg5 Nxe4 15. Qxd8 Raxd8 $11 {Alburt,L-Miles,A/USA 
(ch) 1988/Inf 46 (15)}) 4... fxe4 (4... Nf6 5. exf5 Bxf5 6. Nc3 Nbd7 7. Nge2
Bg6 8. Ng3 c6 (8... e4 9. Be2 a5 10. h4 h6 11. Nh5 Nc5 12. Nf4 Bf7 13. Be3 Nfd7
14. Bh5 Qf6 15. Bxf7+ Qxf7 16. Qc2 Qf5 17. O-O-O O-O-O 18. Nb5 {1-0 Kelecevic,
N-Schmidt Schaeffer,S/Bern 1996/CBM 51 ext (33)}) 9. Bd3 Bf7 10. O-O Be7 11.
Nge4 cxd5 12. cxd5 Nxe4 13. Bxe4 O-O 14. Be3 Bg5 15. Qc2 {1-0 Mikhalevski,
A-Van der Wiel,J/Leeuwarden 1995/EXT 97 (72)}) (4... f4 $6 5. g3 fxg3 6. hxg3
g6 7. Nc3 Bg7 8. Be2 Nf6 9. Be3 Bd7 10. g4 Qc8 11. f3 {1-0 Norevall,U-Ekstrom,
M/Gotland 1997/CBM 57 ext (33)}) 5. Nc3 Nf6 6. Nge2 Bf5 (6... Nbd7 7. Ng3 Nc5
8. Bg5 Be7 9. Bxf6 Bxf6 10. Ncxe4 Nxe4 11. Nxe4 O-O 12. Bd3 {1-0 Mikhalevski,
A-Finkel,A/Beersheba 1996/CBM 53 (23)}) 7. Ng3 Bg6 (7... g6 8. Bg5 $11) 8. Bg5
{Schwarz kann den Mehrbauern wegen der Fesselung nicht behaupten.} Nbd7 9.
Ncxe4 (9. Ngxe4 Bxe4 10. Nxe4 Be7 11. Bxf6 Bxf6 12. Be2 O-O 13. Bg4 Nc5 14.
Nxc5 dxc5 15. O-O a5 16. Qb3 Qd6 17. Rae1 a4 18. Qc2 Kh8 19. Be6 Bg5 20. g3 {
1-0 Rapoport,E-Vigus,J/Witley 1998/EXT 99 (53)}) 9... Be7 10. Bxf6 Bxf6 (10...
gxf6 11. Qf3 $14 {[%csl Yf5][%cal Gg3f5]}) 11. Bd3 $14 {Der schwarze
Läuferpaar hat keine Bedeutung, denn das Zentrum ist geschlossen. Die weisse
Kontrolle über das Feld e4 sichert nachhaltige Initiative.} O-O 12. O-O (12.
Nc3 $14 {Der Tausch der weissfeldrigen Läufer ist vorteilhaft für Weiss, denn
er erhöht die Kontrolle über die weissen Felder.}) 12... Bh4 {Schwarz möchte
den gefährlichen weissen Springer tauschen. Nach z.B. 13...Bxg3 14.Nxg3 Bxd3
wäre Schwarz nicht weit vom Ausgleich, ebenso wie nach 14.hxg3 Bxe4.} 13. Ne2
Qe7 (13... Nf6 14. N2c3 Nxe4 15. Bxe4 $14) 14. Qc2 Rf7 15. N2c3 (15. N4c3 Bxd3
16. Qxd3 Nc5 17. Qc2 e4 $15) 15... Raf8 16. b4 {Schwarz hat scheinbar eine
aktive Stellung am Königsflügel, aber in Wirklichkeit schafft er keine
Drohungen, während der weisse Positionsvorteil, der auf dem Feld e4 beruht,
nachhaltig ist.} a6 17. Rad1 Qd8 18. Qe2 {Diese Stellung ist typisch für die
Königsindische Verteidigung.} Nb6 19. c5 Nc8 (19... dxc5 20. bxc5 Nxd5 21. Bc4
$16 {[%csl Rd5][%cal Rc4g8]}) 20. g3 Be7 21. a4 (21. c6 $5 b5 (21... bxc6 22.
dxc6 $14) 22. a4 $14) 21... a5 (21... dxc5 22. bxc5 Rf3 23. Rb1 $14) 22. bxa5
dxc5 23. a6 bxa6 24. Bxa6 {Weiss hat die viel bessere Bauernstruktur und einen
ernfernten Freibauern in der a-Linie. Anderseits entfaltet Schwarz etwas
Gegenspiel am Königsflügel.} Rf3 25. Rd3 (25. Bxc8 Qxc8 26. Qc4 Bd6 27. Nxc5
Bxc5 28. Qxc5 Bd3 $132) 25... Bh5 (25... Rxd3 26. Bxd3 $14) 26. Qa2 {[%cal
Ga2g8]} R3f7 (26... Rxd3 27. Bxd3 Bf7 28. a5 $16) 27. Rd2 Qd7 28. Be2 Bxe2 $6 {
Dieser Zug ist nicht logisch. Es wäre besser, das Läuferpaar auf dem Brett zu
behalten.} (28... Bg6) 29. Rxe2 Na7 $2 (29... Nb6 30. a5 Ra8 $14) 30. Qc4 $16
Qh3 31. Qa6 (31. Nxc5 $16) 31... Nc8 32. Qe6 {Weiss tauscht die Damen.Das
Endspiel ist für ihn vorteilhaft.} Qxe6 33. dxe6 Rf3 34. Nd5 {[%csl Ga4,Rc5,
Rc7,Gd5,Ge4,Re5,Ge6,Re7] Die weissen Springer stehen ausgezeichnet, während
Schwarz viele Schwächen hat.} Bd6 35. Rc1 Ra3 36. Nxc5 Re8 (36... Bxc5 37. Rxc5
Rxa4 38. Rxc7 $18) 37. Ne4 Rxe6 (37... Rxa4 38. Nxc7 Bxc7 39. Rxc7) 38. Nxc7
Bxc7 39. Rxc7 Nb6 40. Nc5 {Der gesunde Mehrbauer bietet dem Weissen gute
Gewinnchancen.} Re8 41. Re4 {Weiss verteidigt den a-Bauern und in einigen
Varianten droht Rg4.} Nd5 42. Ra7 h5 43. a5 {Der weisse Freibauer ist kaum
aufzuhalten.} Nf6 44. Rb4 e4 45. Rbb7 $18 {Die Verdoppelung der Türme muss die
Partie entscheiden.} Kh8 46. a6 (46. Rxg7 $6 Rxa5 47. Rxa5 Kxg7 $16) 46... e3
$5 {Das ist die einzige Gegenchance für Schwarz liegt im Spiel gegen den
weissen König.} 47. fxe3 Ra1+ 48. Kg2 Ra2+ 49. Kf3 (49. Kh3 $2 Ng4 50. Kh4 Re5
51. h3 Nxe3 $19 {[%csl Rh4][%cal Re5c5,Re3g2,Rg2h4]}) 49... Ng4 {[%cal Ra2f2,
Rf2f3]} 50. Re7 Rd8 51. Rxg7 $2 (51. Nd7 $1 Nxh2+ 52. Kf4 Nf1 53. Ne5 Rf8+ 54.
Kg5 Ra5 55. Kh4 {[%cal Re5g6,Rg6h8,Rg6f8]} Rf6 56. Ra8+ Kh7 57. Ree8 $18 {
[%csl Rh7]}) 51... Rf2+ 52. Ke4 Nf6+ (52... Re8+ 53. Rge7 $18) 53. Ke5 Rd5+ 54.
Ke6 $16 Rxc5 55. Rgc7 Ra5 $2 (55... Rg5 $5 56. Rab7 Rg6 57. Ke5 Rg5+) (55...
Rxc7 56. Rxc7 Ra2 57. Kxf6 $18) 56. Rf7 Re2 57. Kxf6 {Und Schwarz gab in
verlorener Stellung auf.} 1-0

[Event "Riga zt"]
[Site "Riga"]
[Date "1995.??.??"]
[Round "2"]
[White "Kaunas, Kestutis"]
[Black "Fridman, Daniel"]
[Result "1-0"]
[WhiteElo "2415"]
[BlackElo "2440"]
[Annotator "Ribli,Z"]
[PlyCount "111"]
[EventDate "1995.03.??"]
[EventType "tourn"]
[EventRounds "13"]
[EventCountry "LAT"]
[EventCategory "10"]
[SourceTitle "CBM 047"]
[Source "ChessBase"]
[SourceDate "1995.08.01"]
[SourceVersion "1"]
[SourceVersionDate "1995.08.01"]
[SourceQuality "1"]

1. d4 {Belov} d6 2. Nf3 Bg4 3. c4 Nd7 4. d5 $5 {Ein sehr selten gespielter Zug,
seine Staerke ist die Ueberraschung.} (4. Nc3 $5) (4. Qb3 {Belov} Rb8 5. Nc3 $5
Bxf3 6. exf3 g6 7. Be3 Bg7 8. Rd1 c6 9. Be2 Ngf6 10. O-O O-O 11. f4 a6 12. d5
$14 {Miles,A-Benjamin,J/Horgen/1994/0,5/41/CBM43/}) (4. e4 {Belov} e5 5. Be2
Be7 6. Nc3 Bxf3 7. Bxf3 Bg5 8. Bxg5 Qxg5 9. O-O Qd8 10. dxe5 $5 dxe5 11. Qb3
Qb8 12. Qa3 c6 13. Bg4 $1 Ngf6 14. Bh3 $14 {Kramnik,V-Mokry,K/BL9495/1:0/32/})
(4. Nc3 {Belov} e5 5. g3 Bxf3 6. exf3 Ngf6 7. Bg2 c6 (7... exd4 8. Qxd4 Be7 9.
O-O O-O 10. Be3 Re8 11. f4 c6 12. h3 $14 {Vyzmanavin,A-Mokry,K/Tilburg/1994/
CBM44/}) 8. O-O Be7 {Speelman,J-Bezold,M/Altensteig/1994/1:0/41/CBM43/} 9. f4
$14) 4... g6 (4... e5 $5 5. dxe6 Bxe6 6. e4 Ngf6 (6... Nc5 7. Nc3 a5 8. Nd4 Bd7
9. Be2 g6 10. O-O Bg7 11. Be3 Nf6 12. f3 O-O 13. Qd2 Qb8 14. Ndb5 $1 $16 {
Wojtkiewicz,A-Emms/Bern/1992/1:0/31/}) 7. Nc3 Bg4 8. Be2 g6 9. Be3 (9. O-O {
Belov} Bg7 10. Be3 O-O 11. Nd4 (11. h3 Bxf3 12. Bxf3 Re8 $10) 11... Bxe2 12.
Qxe2 Re8 13. f3 c6 14. Rad1 a6 15. Qd2 Ne5 16. b3 b5 17. cxb5 axb5 $15 {
Mozetic,D-Damljanovic,B/Beograd/1993/}) 9... Bg7 10. O-O $13 {Mozetic,
D-Damljanovic,B/Belgrade/1993/CBM39/INF59,(73)/}) (4... Bxf3 {Belov} 5. exf3 e6
$6 (5... g6 $142) 6. dxe6 fxe6 7. g3 Qf6 8. Nc3 O-O-O 9. Bg2 Kb8 10. O-O Ne7
11. f4 Nf5 12. Ne4 Qg6 13. a4 $16 {Benjamin,J-Balinas,R/Philadelphia/1994/1:0/
30/}) 5. Nd4 {Droht /\ h3,g4.} Ndf6 (5... Bg7 {Belov} 6. g3 Ngf6 7. Bg2 O-O 8.
O-O $32 $14) 6. g3 Bg7 7. Bg2 Qc8 8. Nc3 Bh3 9. Qa4+ Bd7 10. Qa5 {Droht /\
Ncb5.} (10. Qb3 Nxd5 11. Bxd5 c6 $13) 10... c5 (10... Nh6 11. Ncb5 b6 12. Qa6
$1 $14) (10... e5 {Belov} 11. dxe6 fxe6 12. Ndb5 $16) 11. dxc6 bxc6 12. O-O Nh6
(12... e5 {Belov} 13. Nb3 Ne7 14. Rd1 Qb8 15. Qa3 Nc8 16. Na5 $16) 13. e4 {
Mit der Idee /\ h3,Be3 und Weiss steht besser, weil der h6-Springer bloed steht
} Nhg4 14. Nf3 (14. h3 $2 {Belov} Ne5 15. b3 Bxh3) 14... Be6 (14... O-O $2 15.
h3 Ne5 16. Nxe5 dxe5 17. Qxe5 Nd5 18. Nxd5 $1 $16) 15. e5 (15. h3 {Belov} Ne5
16. Nxe5 dxe5 17. Qxe5 Bxc4 18. Rd1 $14) 15... Nxe5 16. Nxe5 dxe5 17. Qxe5 Bxc4
(17... O-O 18. Qc5 $14) 18. Re1 O-O (18... Be6 19. Bh3 $1 $14) 19. Qc5 (19.
Qxe7 $4 Re8 $19) 19... Bd5 (19... Be6 $5 20. Qxe7 Nd5 $10 (20... Re8 {Belov}
21. Qc5 $14)) 20. Rxe7 Nd7 21. Qd6 Bxg2 22. Kxg2 Nb6 $6 {Schwarz opfert einen
Bauern und hofft dafuer eine Initiative zu erhalten.} (22... Rd8 23. Qf4 Bf6
24. Re1 Qb8 {Weisser Vorteil (bessere Bauersstruktur am Damenfluegel) ist
unbedeutend.}) 23. Rc7 Qf5 24. Qxc6 Be5 25. Rb7 Rfc8 26. Qe4 Qe6 (26... Qxe4+ {
Belov} 27. Nxe4 Rc2 28. Rb1 $16) 27. Be3 (27. Bf4 $5 Bxf4 28. Qxe6 (28. Qxf4
$14) 28... fxe6 29. gxf4 $14) 27... Qc6 (27... Bxc3 {Belov} 28. Qxe6 fxe6 29.
bxc3 Rxc3 30. Bd4 Rc4 31. Be5 $16) 28. Qxc6 Rxc6 29. Rd1 $5 {Der Anziehende
gibt den Mehrbauern zurueck, besitzt dafuer aber eine starke Initiative. In
Betracht kommt 29.Nb5 +/= auch.} (29. Rc1 {Belov} Nc4 30. Bxa7 Nxb2 31. Ne2 Ra6
32. Bd4 Bxd4 33. Nxd4 Rxa2 34. Rcc7 Nd3 $10) 29... Bxc3 30. bxc3 Rxc3 31. Bh6
$1 {Droht /\ Ra7,Rd8 Matt.} Rcc8 (31... Ra3 {Belov} 32. Rd6 Rxa2 (32... Nc4 33.
Rdd7 Ne5 34. Re7 Ng4 35. Bc1 Rxa2 36. Rxf7 $16) 33. Rf6 $16) 32. Rd3 $1 {
Droht /\ Rf3} (32. Rd6 $5 {Belov} Nc4 33. Rf6 Ne5 34. Bf4 Nd3 35. Rfxf7 $16)
32... Nc4 (32... Rcb8 33. Re7 Re8 34. Rde3 Rxe7 35. Rxe7 $14 {Schwarz hat eine
sehr passive Stellung, ob Weiss wegen des reduzierten Materi- als seinen
Vorteil in der Folge zum Sieg verwertet, ist fraglich.}) 33. Rdd7 Ne5 34. Re7
Ng4 35. Bg5 (35. Bf4 {Belov} Rf8 36. h3 Nf6 37. Bh6 $18) 35... Rc5 (35... Rf8
36. h3 h6 37. Bc1 Rac8 38. Bf4 $18) 36. Bf4 g5 (36... Rf5 37. h3 $18 (37. h3 {
Belov} Nf6 38. Rxf7 $18)) 37. Rxf7 $1 {Eine kleine, aber huebsche Kombination
entscheidet die Partie.} gxf4 38. Rg7+ Kf8 39. Rxg4 fxg3 40. hxg3 Ra5 (40... h5
{Belov} 41. Rgg7 Ra5 42. Rh7 Kg8 43. Kh3 Rxa2 44. f4 Ra5 45. Kh4 $18) 41. Rgg7
$2 {Wahrscheinlich ist noch in Zeitnot.} (41. Rxh7 $1 {Verkuerzt die Partie.}
Re8 42. Rh8+ Kf7 43. Rf4+ Ke7 44. Re4+ $18) (41. Rxh7 $18 {Belov}) 41... Rxa2
42. Rxh7 Kg8 43. Rbg7+ Kf8 44. Rb7 Kg8 45. Rhg7+ Kh8 46. Rgf7 a5 47. Kf3 a4 48.
Ra7 Rd8 (48... Rxa7 {Belov} 49. Rxa7 a3 50. g4 Kg8 51. g5 Kh8 52. Kg3 Ra1 53.
Kf4 a2 54. Kf5 $18) 49. Kg4 Kg8 50. f4 a3 51. Kg5 Rg2 52. g4 a2 53. Rf6 Rd1 54.
Rc6 Rd8 (54... a1=Q {Belov} 55. Rc8+) 55. Rca6 Kh8 (55... Rdd2 {Belov} 56. Ra8+
Kg7 57. R6a7+) 56. Ra8 1-0

[Event "United Insurance 6th"]
[Site "Dhaka"]
[Date "2003.03.10"]
[Round "3"]
[White "Barsov, Alexei"]
[Black "Murshed, Niaz"]
[Result "1-0"]
[WhiteElo "2525"]
[BlackElo "2435"]
[Annotator "Ribli,Z"]
[PlyCount "71"]
[EventDate "2003.03.08"]
[EventType "tourn"]
[EventRounds "13"]
[EventCountry "BAN"]
[EventCategory "9"]
[SourceTitle "CBM 095"]
[Source "ChessBase"]
[SourceDate "2003.07.25"]
[SourceVersion "1"]
[SourceVersionDate "2003.07.25"]
[SourceQuality "1"]

1. d4 d6 2. Nf3 g6 3. g3 Bg7 4. Bg2 Nc6 {Mit dieser sonderbarer Fortsetzung
Schwarz moechte den Zug 5.d5 provozieren. Nach meiner Meinung ist die
Alternative - 4...Nd7 - besser.} 5. d5 (5. O-O) 5... Na5 (5... Ne5 6. Nxe5 Bxe5
(6... dxe5 7. O-O f5 8. c4 Nf6 9. Nc3 O-O 10. Qb3 $14 {-> A89}) 7. O-O Bg7 8.
c4 Nf6 9. Nc3 O-O 10. Qd2 Bd7 11. b3 c6 12. Bb2 cxd5 13. Nxd5 Nxd5 14. Bxg7
Kxg7 15. Bxd5 Qb6 16. h4 $1 $14 {Ribli. 1-0 Rashkovsky,N-Lukin,A/Elista 1995/
CBM 50/[Ribli] (52)}) (5... Nb8 $5 {Es ist wahr, dass Schwarz damit zwei Tempi
verloren hätte, aber im folgenden könnte er das weisse Zentrum mit c6 sprengen.
}) 6. c3 $5 {[%mdl 4] Mit diesem Zug Weiss bereitet 6.Qa4+ c6 7.Nd4 vor und
gleichzeitig wird die Aktivitaet des Bg7 eingeschränkt.} (6. O-O c6 7. e4 Nf6
8. Qe2 cxd5 9. exd5 Bd7 10. Nfd2 b5 11. b4 Nc4 12. Nxc4 bxc4 13. Qxc4 Rc8 14.
Qe2 Nxd5 15. Bxd5 Bxa1 16. c3 O-O 17. Bg5 Bc6 18. Bxc6 Rxc6 19. Bxe7 Re8 20.
Qf3 Qd7 21. Bf6 Ra6 {0-1 Galliamova,A-Krasenkow,M/Koszalin 1997/CBM 59 ext (45)
}) 6... c5 (6... c6 7. b4 Nc4 8. dxc6 bxc6 9. Nd4 $16) 7. O-O Nf6 8. e4 Nd7 {
Natuerlich geht 8...Nxe4 nicht wegen 9.Qa4+.} 9. Na3 {Weiss moechte im
folgenden mit Rb1 und b4 den a5-Springer verjagen und Na3-c4 spielen.} b6 10.
Re1 O-O 11. Bf4 $14 {[%csl Ra5] Weiss hat Raumvorteil und eine aktive
Figurenstellung. Der a5N steht schlecht.} Ne5 12. Qd2 (12. Nxe5 dxe5 (12...
Bxe5 13. Bxe5 dxe5 14. Qd2 $14) 13. Be3 $14) 12... Bd7 (12... Nac4 $5 13. Nxc4
Nxc4 14. Qe2 Ne5 15. Nxe5 dxe5 (15... Bxe5 16. Bxe5 $14 (16. Bh6)) 16. Be3 $14)
13. b3 {Mit diesem Zug Weiss verhindert die Moeglichkeit Nac4, oder Nec4.} b5
14. Bh6 (14. Nxe5 dxe5 (14... Bxe5 15. Bxe5 dxe5 $14) 15. Bh6 $14) 14... Nb7 (
14... Nxf3+ $1 15. Bxf3 Bxh6 16. Qxh6 e5 $13) 15. Bxg7 Kxg7 16. Nh4 {[%cal
Gf2f4,Gf4e5] Weiss bereitet den Zug 17.f4 vor, wonach der Stolz der schwarzen
Stellung, der e5N weichen muss.} f6 17. f4 Nf7 18. Nf3 {[%cal Ge4e5] Der Mohr
hat seine Schuldigkeit getan, der Mohr kann gehen. Der Springer kommt nach f3
zurueck und Schwarz muss nun mit e4-e5 rechnen.} Qa5 19. Nc2 Bg4 20. Nh4 (20.
Ne3 Bxf3 21. Bxf3 $16) 20... Rad8 21. a4 $1 $16 {Weiss oeffnet die Stellung am
Damenfluegel, Schwarz hat grosse Problemen mit der Figurenkoordination.} bxa4
22. Rxa4 {[%csl Ra5]} Qb6 23. Ne3 Bd7 (23... Qxb3 $2 24. Raa1 $18 {[%cal Re1b1,
Rb1b3,Re3g4]}) 24. Nc4 {[%mdl 2048]} Qxb3 (24... Qb5 25. Qc2 $16 {[%cal Gg2f1,
Gf1b5]}) 25. Ra3 Qb5 (25... Qxc4 26. Bf1 Na5 27. Qc2 Ba4 28. Qc1 Nb3 29. Bxc4
Nxc1 30. Rxa4 $18) 26. Bf1 {[%cal Gf1b5] Der Laufer zielt auf die Dame b5 -
Schwarz kann diese nicht mehr ohne Verluste in Sicherheit bringen.} a5 27. Nxd6
Qb6 28. Nxb7 Qxb7 29. Rxa5 {Weiss hat einen Bauern mehr und seine Bauernmasse
ist stark im Zentrum.} c4 30. Qe3 (30. Qd4 $16) 30... Nd6 31. Ra7 (31. e5 $18)
31... Qb8 32. Nf3 f5 33. exf5 (33. e5 Ne4 34. e6 $18) 33... gxf5 (33... Nxf5
34. Qe5+ Qxe5 35. Nxe5 $18) 34. Ne5 $18 {[%csl Rd7][%cal Ra7g7]} Qc8 35. Nxc4
Ne4 (35... Nxc4 36. Qd4+ Kg8 37. Rxe7 Rf7 38. Rxf7 Kxf7 39. Bxc4 $18) 36. Nb6
1-0